<?xml version="1.0" encoding="UTF-8"?><?xml-stylesheet type="text/xsl" href="static/style.xsl"?><OAI-PMH xmlns="http://www.openarchives.org/OAI/2.0/" xmlns:xsi="http://www.w3.org/2001/XMLSchema-instance" xsi:schemaLocation="http://www.openarchives.org/OAI/2.0/ http://www.openarchives.org/OAI/2.0/OAI-PMH.xsd"><responseDate>2026-04-27T19:59:55Z</responseDate><request verb="GetRecord" identifier="oai:uvadoc.uva.es:10324/45100" metadataPrefix="marc">https://uvadoc.uva.es/oai/request</request><GetRecord><record><header><identifier>oai:uvadoc.uva.es:10324/45100</identifier><datestamp>2025-02-20T12:05:26Z</datestamp><setSpec>com_10324_38</setSpec><setSpec>col_10324_852</setSpec></header><metadata><record xmlns="http://www.loc.gov/MARC21/slim" xmlns:doc="http://www.lyncode.com/xoai" xmlns:xsi="http://www.w3.org/2001/XMLSchema-instance" xmlns:dcterms="http://purl.org/dc/terms/" xsi:schemaLocation="http://www.loc.gov/MARC21/slim http://www.loc.gov/standards/marcxml/schema/MARC21slim.xsd">
<leader>00925njm 22002777a 4500</leader>
<datafield tag="042" ind1=" " ind2=" ">
<subfield code="a">dc</subfield>
</datafield>
<datafield tag="720" ind1=" " ind2=" ">
<subfield code="a">Curto Lorenzo, David</subfield>
<subfield code="e">author</subfield>
</datafield>
<datafield tag="260" ind1=" " ind2=" ">
<subfield code="c">2020</subfield>
</datafield>
<datafield tag="520" ind1=" " ind2=" ">
<subfield code="a">La Gestión del Riesgo se ha convertido en un tema de interés general&#xd;
dentro de la administración y dirección, y especialmente en la dirección y&#xd;
gestión de proyectos o Project Management. Sin embargo, no existe un&#xd;
consenso generalizado en cuanto a los conceptos de riesgo e incertidumbre.&#xd;
Una amplia revisión literaria nos ha permitido identificar cuatro tipos de&#xd;
incertidumbre: estocástica, aleatoria, epistémica y ontológica. Para realizar una&#xd;
buena gestión del riesgo, es imprescindible el uso de las técnicas y&#xd;
herramientas adecuadas. El objetivo de este trabajo es presentar un sumario&#xd;
de las herramientas y técnicas recomendadas para ser aplicadas a cada tipo&#xd;
de incertidumbre</subfield>
</datafield>
<datafield tag="520" ind1=" " ind2=" ">
<subfield code="a">Risk Management is an emerging topic of interest in Management&#xd;
literature in general, and especially in the Project Management discipline.&#xd;
Nonetheless, there is no consensus about the concept of risk. A broad review&#xd;
of the literature let us identify four types of uncertainty: stochastic, aleatoric,&#xd;
epistemic and ontological. Successful Risk Management requires applying the&#xd;
appropriate techniques and tools. The aim of this paper is to present a synthesis&#xd;
of the tools and techniques, which must be applied to each type of uncertainty</subfield>
</datafield>
<datafield tag="024" ind2=" " ind1="8">
<subfield code="a">http://uvadoc.uva.es/handle/10324/45100</subfield>
</datafield>
<datafield tag="245" ind1="0" ind2="0">
<subfield code="a">Herramientas y Técnicas en la Gestión de la Incertidumbre</subfield>
</datafield>
</record></metadata></record></GetRecord></OAI-PMH>